00581nam a22001697a 450000500170000001000130001702000130003003500130004303700160005608200080007210000540008024500850013424600640021926000350028327000700031830000230038820200205162615.0 aA-441512 c40.00a- aA-441512 bDBAD/PUBa- a848 aمو لفہ:جنمے جۓ متر ا ر ما ن  aمنتخب ا لتز کر ہ cمو لفہ:جنمے جۓ متر ا ر ما ن  bMuntakhib Altazkara (Urdu)aComp.by Janme Jiye Mitr Arman  aCalcuttabRais Anwar c1989 ء aUsmania Book Depot,125 ,Rabinder Asrani ,bCalcuttae700073k-l- a256 ص c22 Cm(Hb)